Canards de fiction - Statistiques

Statistiques générales
  • Ce quiz a été pris 98 fois
  • Le résultat moyen est 5 sur 16
Statistiques - réponses
Par images Réponse % Correct
Donald Duck
100%
Balthazar Picsou
93%
Daffy Duck
87%
Canarticho
57%
Psykokwak
56%
Vilain petit canard
40%
Howard the Duck
22%
Canardo
9%
Gédéon
8%
Myster Mask
8%
Comte Mordicus
3%
Alfred J. Kwak
2%
Duckman
2%
Mosh
2%
Oscar le petit canard
1%
Canard Thunderbeak
0%
Aucun quiz correspondant
Distribution des résultats
% des personnes avec chaque résultat
Percentile par nombre de réponses
Votre historique - résultats
Vous n’avez pas pris ce quiz